[Event "IND-ch Rapid"]
[Site "Nashik"]
[Date "2024.03.06"]
[Round "9"]
[White "Aakash Sharadchandra, Dalvi"]
[Black "Sriram, Jha"]
[Result "0-1"]
[WhiteElo "2169"]
[BlackElo "2310"]
[PlyCount "48"]
[EventDate "2024.03.04"]
[EventType "swiss (rapid)"]
[EventRounds "11"]
[EventCountry "IND"]
[SourceTitle "CB11_2024"]
[SourceDate "2024.03.13"]
[SourceVersion "1"]
[SourceVersionDate "2024.03.13"]
[SourceQuality "1"]

1. d4 d5 2. c4 c6 3. Nf3 Nf6 4. Nc3 a6 5. e3 e6 6. Bd3 dxc4 7. Bxc4 b5 8. Bd3 c5 9. 0-0 Bb7 10. Qe2 Nbd7 11. Rd1 Qc7 12. a4 c4 13. Bb1 b4 14. Na2 Qc6 15. a5 Rc8 16. Bd2 Qb5 17. e4 Qxa5 18. d5 e5 19. Qe1 Qa4 20. Nxb4 Qxa1 21. Ba2 Qxb2 22. Rb1 Qa3 23. Ra1 c3 24. Bc1 Qxb4 0-1

[Event "IND-ch Rapid"]
[Site "Nashik"]
[Date "2024.03.04"]
[Round "2"]
[White "Sriram, Jha"]
[Black "Arindam, Mukherjee"]
[Result "1-0"]
[WhiteElo "2310"]
[BlackElo "1992"]
[PlyCount "63"]
[EventDate "2024.03.04"]
[EventType "swiss (rapid)"]
[EventRounds "11"]
[EventCountry "IND"]
[SourceTitle "CB11_2024"]
[SourceDate "2024.03.13"]
[SourceVersion "1"]
[SourceVersionDate "2024.03.13"]
[SourceQuality "1"]

1. d4 d5 2. Nf3 Nf6 3. c4 e6 4. Nc3 Be7 5. Bf4 0-0 6. e3 c5 7. dxc5 Bxc5 8. Qc2 Nc6 9. a3 a5 10. Rd1 Be7 11. Be2 Qb6 12. cxd5 exd5 13. Nxd5 Nxd5 14. Rxd5 Be6 15. Rb5 Qa7 16. 0-0 Rac8 17. Qe4 Bf6 18. Ng5 Bxg5 19. Bxg5 Rfe8 20. Bd3 g6 21. Qh4 f5 22. Bf6 Rc7 23. Bc3 Rf7 24. Re1 Ref8 25. g3 b6 26. Bc4 Qd7 27. Rxb6 Rc8 28. Bxe6 Qxe6 29. Rd1 f4 30. exf4 Qe2 31. Re1 Qf3 32. Qh3 1-0

[Event "Dhaka Elegant Aspirant 2nd"]
[Site "Dhaka"]
[Date "2024.02.23"]
[Round "4"]
[White "Liyanage, Ranindu Dilshan"]
[Black "Sriram, Jha"]
[Result "1-0"]
[WhiteElo "2347"]
[BlackElo "2317"]
[PlyCount "47"]
[EventDate "2024.02.21"]
[EventType "tourn"]
[EventRounds "9"]
[EventCountry "BAN"]
[EventCategory "6"]
[SourceTitle "CB10_2024"]
[SourceDate "2024.03.06"]
[SourceVersion "1"]
[SourceVersionDate "2024.03.06"]
[SourceQuality "1"]

1. e4 e5 2. Nf3 Nc6 3. Bb5 Nge7 4. Nc3 Ng6 5. d4 Nxd4 6. Nxd4 exd4 7. Qxd4 c6 8. Be2 Qb6 9. Qd3 Be7 10. 0-0 0-0 11. a4 a5 12. Be3 Bc5 13. Bxc5 Qxc5 14. Rad1 Qb4 15. b3 Nf4 16. Qf3 Qxc3 17. Qxf4 Qxc2 18. Bc4 b5 19. axb5 cxb5 20. Bd5 Ba6 21. Bxa8 Rxa8 22. Rxd7 Rf8 23. Qd6 Qc8 24. Rd1 1-0

[Event "Dhaka Elegant Aspirant 2nd"]
[Site "Dhaka"]
[Date "2024.02.23"]
[Round "3"]
[White "Sriram, Jha"]
[Black "Rahman, Ziaur"]
[Result "0-1"]
[WhiteElo "2317"]
[BlackElo "2412"]
[PlyCount "100"]
[EventDate "2024.02.21"]
[EventType "tourn"]
[EventRounds "9"]
[EventCountry "BAN"]
[EventCategory "6"]
[SourceTitle "CB10_2024"]
[SourceDate "2024.03.06"]
[SourceVersion "1"]
[SourceVersionDate "2024.03.06"]
[SourceQuality "1"]

1. d4 d5 2. c4 e6 3. Nc3 c6 4. e4 dxe4 5. Nxe4 Bb4+ 6. Nc3 e5 7. Be3 exd4 8. Qxd4 Qxd4 9. Bxd4 Nf6 10. 0-0-0 Be6 11. Bxf6 gxf6 12. Ne4 Ke7 13. Nf3 Nd7 14. Nd4 Rhd8 15. Be2 Ba5 16. f4 Bb6 17. Nxe6 fxe6 18. Kc2 f5 19. Nc3 Nf6 20. Bf3 h5 21. Ne2 a5 22. Rxd8 Rxd8 23. Rd1 Rg8 24. Rd3 h4 25. Rb3 Nd7 26. c5 Bxc5 27. Rxb7 Kd6 28. Kc3 e5 29. fxe5+ Nxe5 30. Rh7 Nxf3 31. gxf3 Rg2 32. Rh6+ Kc7 33. Kd3 Rxh2 34. Rh5 h3 35. Rxf5 Bd6 36. Rf7+ Kb6 37. Rh7 Rh1 38. f4 h2 39. Kc2 a4 40. Rh6 Bc5 41. a3 Kc7 42. Rh7+ Kb6 43. Nc3 Be3 44. Ne2 Bf2 45. Nc3 Be3 46. Nxa4+ Ka6 47. Kb3 Bxf4 48. Nc5+ Kb5 49. Nd3 Bd6 50. Nf2 Re1 0-1

[Event "Dhaka Elegant Aspirant 2nd"]
[Site "Dhaka"]
[Date "2024.02.21"]
[Round "1"]
[White "Sriram, Jha"]
[Black "Mayank, Chakraborty"]
[Result "1/2-1/2"]
[WhiteElo "2317"]
[BlackElo "2383"]
[PlyCount "68"]
[EventDate "2024.02.21"]
[EventType "tourn"]
[EventRounds "9"]
[EventCountry "BAN"]
[EventCategory "6"]
[SourceTitle "CB10_2024"]
[SourceDate "2024.03.06"]
[SourceVersion "1"]
[SourceVersionDate "2024.03.06"]
[SourceQuality "1"]

1. Nf3 d5 2. g3 c6 3. Bg2 Bg4 4. 0-0 e6 5. h3 Bh5 6. d4 Nf6 7. c4 Nbd7 8. cxd5 exd5 9. Qb3 Bxf3 10. Bxf3 Qb6 11. Qe3+ Be7 12. Nc3 Nf8 13. Na4 Qc7 14. Nc5 b6 15. Nd3 Ne6 16. Nf4 Ng5 17. Bg2 Nge4 18. g4 h5 19. f3 Ng3 20. Re1 0-0-0 21. Qf2 Bd6 22. Qxg3 g5 23. e3 Rde8 24. Bd2 hxg4 25. hxg4 Reg8 26. Rac1 gxf4 27. exf4 Nh5 28. Qf2 Nxf4 29. Rxc6 Qxc6 30. Rc1 Qxc1+ 31. Bxc1 Kb8 32. Bxf4 Bxf4 33. Qc2 Re8 34. Qf5 Bg3 1/2-1/2

[Event "IND-ch 60th"]
[Site "Pune"]
[Date "2023.08.23"]
[Round "8"]
[White "Vignesh, NR."]
[Black "Sriram, Jha"]
[Result "1-0"]
[WhiteElo "2501"]
[BlackElo "2316"]
[PlyCount "179"]
[EventDate "2023.08.16"]
[EventType "swiss"]
[EventRounds "11"]
[EventCountry "IND"]
[SourceTitle "EXT 2024"]
[Source "ChessBase"]
[SourceDate "2023.10.10"]
[SourceVersion "1"]
[SourceVersionDate "2023.10.10"]
[SourceQuality "1"]

1. e4 d6 2. d4 Nf6 3. Nc3 e5 4. Nf3 Nbd7 5. Bc4 Be7 6. 0-0 0-0 7. Re1 c6 8. a4 h6 9. h3 Re8 10. Be3 Bf8 11. a5 exd4 12. Bxd4 b5 13. axb6 Nxb6 14. Bb3 Be6 15. Bxe6 Rxe6 16. Ra6 Ne8 17. Qa1 c5 18. Be3 Nf6 19. Rd1 Qe8 20. Nd2 d5 21. exd5 Nfxd5 22. Nxd5 Nxd5 23. Nf1 Rxa6 24. Qxa6 Nb4 25. Qc4 Qe6 26. Qxe6 fxe6 27. c3 Nd5 28. Ra1 Rb8 29. Bc1 Rb7 30. Nd2 Be7 31. Nc4 Nb6 32. Na5 Rd7 33. Be3 Nd5 34. Kf1 Rc7 35. Ke2 Bf6 36. Nc4 Kf7 37. Ra6 Be7 38. Kd3 Kf6 39. Kc2 Rb7 40. Ra5 Rc7 41. Ra6 h5 42. Kd3 Kf5 43. g3 Rd7 44. g4+ hxg4 45. hxg4+ Kf6 46. Ke4 g5 47. Rc6 Nxe3 48. Kxe3 Rb7 49. Ra6 Bd8 50. Rc6 Bb6 51. Nd6 Rb8 52. Ne4+ Ke7 53. Nxg5 Kd7 54. Rxe6 c4+ 55. Ke2 Bc5 56. Rf6 Rxb2+ 57. Kf1 Be7 58. Rg6 a5 59. Ne4 a4 60. Ra6 a3 61. g5 Rb1+ 62. Kg2 Re1 63. Kf3 Rg1 64. g6 a2 65. Rxa2 Rxg6 66. Ra4 Rc6 67. Ke3 Ke6 68. Kd4 Kf5 69. Kd5 Rc8 70. Ra7 Re8 71. Rc7 Bf8 72. Rf7+ Kg6 73. Rf6+ Kh5 74. Rc6 Rd8+ 75. Kxc4 Kg4 76. Rf6 Rc8+ 77. Kd3 Be7 78. f3+ Kh5 79. Rf7 Rd8+ 80. Ke2 Bf8 81. c4 Kg6 82. Rf6+ Kg7 83. Rc6 Ra8 84. Ke3 Ra3+ 85. Kf4 Kf7 86. c5 Be7 87. Nd6+ Ke6 88. Nf5+ Kd7 89. Nxe7 Kxe7 90. Rh6 1-0

[Event "IND-ch 60th"]
[Site "Pune"]
[Date "2023.08.22"]
[Round "7"]
[White "Sriram, Jha"]
[Black "Ambarish, Sharma"]
[Result "1-0"]
[WhiteElo "2316"]
[BlackElo "1993"]
[PlyCount "33"]
[EventDate "2023.08.16"]
[EventType "swiss"]
[EventRounds "11"]
[EventCountry "IND"]
[SourceTitle "EXT 2024"]
[Source "ChessBase"]
[SourceDate "2023.10.10"]
[SourceVersion "1"]
[SourceVersionDate "2023.10.10"]
[SourceQuality "1"]

1. d4 d5 2. c4 e6 3. Nf3 Nf6 4. Nc3 Be7 5. Bf4 0-0 6. e3 a6 7. Qc2 dxc4 8. Bxc4 b5 9. Bd3 c5 10. dxc5 Bxc5 11. Ng5 h6 12. Nh7 Nxh7 13. Bxh7+ Kh8 14. Be4 e5 15. Bxe5 Nd7 16. Bxg7+ Kxg7 17. Bxa8 1-0

[Event "Copenhagen Obro CXU op"]
[Site "Copenhagen"]
[Date "2023.07.28"]
[Round "7"]
[White "Hamitevici, Vladimir"]
[Black "Sriram, Jha"]
[Result "1/2-1/2"]
[WhiteElo "2494"]
[BlackElo "2315"]
[PlyCount "73"]
[EventDate "2023.07.24"]
[EventType "swiss"]
[EventRounds "9"]
[EventCountry "DEN"]
[SourceTitle "CBM 215 Extra"]
[Source "ChessBase"]
[SourceDate "2023.09.30"]
[SourceVersion "1"]
[SourceVersionDate "2023.09.30"]
[SourceQuality "1"]

1. e4 e5 2. Nc3 Nf6 3. Bc4 Nc6 4. d3 Na5 5. Qf3 c6 6. h3 Nxc4 7. dxc4 d6 8. Bg5 Be6 9. Bxf6 Qxf6 10. Qxf6 gxf6 11. b3 f5 12. exf5 Bxf5 13. 0-0-0 0-0-0 14. g4 Be6 15. Nge2 f5 16. gxf5 Bxf5 17. Ng3 Be6 18. Nge4 Be7 19. Rhg1 Bxh3 20. Ng5 Bxg5+ 21. Rxg5 Rhf8 22. Ne4 d5 23. cxd5 cxd5 24. Ng3 Rxf2 25. Rxe5 Bg2 26. Rd3 Rf3 27. Kd2 Rxd3+ 28. Kxd3 Rg8 29. Nf5 Be4+ 30. Kd4 Bxf5 31. Rxf5 Rg2 32. Rf8+ Kc7 33. Rf7+ Kc6 34. Rf6+ Kc7 35. Rf7+ Kb6 36. Rf6+ Kc7 37. Rf7+ 1/2-1/2

[Event "Copenhagen Obro CXU op"]
[Site "Copenhagen"]
[Date "2023.07.25"]
[Round "3"]
[White "Sriram, Jha"]
[Black "Brattgjerd, Isak Vinh"]
[Result "1-0"]
[WhiteElo "2315"]
[BlackElo "2185"]
[PlyCount "223"]
[EventDate "2023.07.24"]
[EventType "swiss"]
[EventRounds "9"]
[EventCountry "DEN"]
[SourceTitle "CBM 215 Extra"]
[Source "ChessBase"]
[SourceDate "2023.09.30"]
[SourceVersion "1"]
[SourceVersionDate "2023.09.30"]
[SourceQuality "1"]

1. Nf3 d5 2. d4 Nf6 3. c4 dxc4 4. e3 a6 5. Bxc4 e6 6. 0-0 c5 7. dxc5 Bxc5 8. Qxd8+ Kxd8 9. Be2 Ke7 10. Nbd2 Nbd7 11. Nb3 Bd6 12. Rd1 b6 13. Ng5 Rf8 14. Nd2 Bb7 15. Nc4 Bc5 16. Bd2 h6 17. Nf3 Ne4 18. Be1 a5 19. Nd4 Nd6 20. Nxd6 Bxd6 21. Bb5 Bc5 22. Nf5+ Kf6 23. Nxg7 Kxg7 24. Rxd7 Bd5 25. Bc3+ Kg8 26. Bf6 Rfc8 27. a4 Bb4 28. h4 Rc2 29. Rd1 h5 30. Bd3 Rcc8 31. Be2 Bc6 32. Rd8+ Rxd8 33. Rxd8+ Rxd8 34. Bxd8 Bc5 35. Bd1 Kg7 36. Kh2 Kg6 37. Bc2+ Kg7 38. Bc7 f6 39. Kg3 Kf7 40. e4 e5 41. Bd8 Bd4 42. b3 Bc5 43. Bd3 Kg7 44. f4 exf4+ 45. Kxf4 Bd6+ 46. Kf3 Bc5 47. Bc7 Bd7 48. Bc4 Kf8 49. Kf4 Bg4 50. e5 fxe5+ 51. Bxe5 Ke7 52. Kg5 Be3+ 53. Kg6 Bf2 54. g3 Bd1 55. Kf5 Kd7 56. Kg5 Ke7 57. Bf4 Bg4 58. Kg6 Bd4 59. Bg5+ Kf8 60. Bd5 Bf2 61. Bf4 Ke7 62. Kg5 Bd4 63. Bc1 Kf8 64. Ba3+ Kg7 65. Kf4 Kf6 66. Bd6 Bd1 67. Ke4 Bf2 68. Bc4 Bc2+ 69. Kd5 Kf5 70. Kc6 Be4+ 71. Kb5 Kg4 72. Be6+ Kf3 73. Bf7 Bd3+ 74. Kc6 Be4+ 75. Kb5 Bd3+ 76. Bc4 Bf5 77. Bd5+ Kg4 78. Bc7 Bd7+ 79. Ka6 Bc8+ 80. Ka7 b5+ 81. Kb8 bxa4 82. Kxc8 axb3 83. Be6+ Kf3 84. Bxb3 Bxg3 85. Bd8 Ke4 86. Bd1 Kf5 87. Kb7 Kg6 88. Kc6 Be1 89. Kd5 Bc3 90. Ke6 Be1 91. Bc2+ Kh6 92. Bg5+ Kg7 93. Ba4 Bc3 94. Be8 Bb2 95. Kd5 Bf6 96. Bxh5 a4 97. Kc4 a3 98. Kb3 Bb2 99. Be8 Kh7 100. h5 Kg8 101. Bc6 Kg7 102. Be4 Kg8 103. Bb1 Kg7 104. Kc4 Kg8 105. Kd5 Kf7 106. Ke4 Kg7 107. Kf5 Kh8 108. Kg6 Kg8 109. Be7 Kh8 110. h6 Kg8 111. Ba2+ Kh8 112. Bf8 1-0

[Event "Warsaw Najdorf Memorial op-A"]
[Site "Warsaw"]
[Date "2023.07.19"]
[Round "9"]
[White "Yezhel, Valiantsin"]
[Black "Sriram, Jha"]
[Result "1/2-1/2"]
[WhiteElo "2284"]
[BlackElo "2315"]
[PlyCount "41"]
[EventDate "2023.07.11"]
[EventType "swiss"]
[EventRounds "9"]
[EventCountry "POL"]
[SourceTitle "EXT 2024"]
[Source "ChessBase"]
[SourceDate "2023.10.10"]
[SourceVersion "1"]
[SourceVersionDate "2023.10.10"]
[SourceQuality "1"]

1. d4 Nf6 2. Nf3 c5 3. c3 Qc7 4. g3 e6 5. Bg2 Nc6 6. 0-0 d5 7. Bf4 Bd6 8. Bxd6 Qxd6 9. Nbd2 0-0 10. Re1 cxd4 11. cxd4 Bd7 12. e3 Rfc8 13. a3 Rc7 14. Bf1 Rac8 15. Bd3 e5 16. dxe5 Nxe5 17. Be2 Rc2 18. b4 Nxf3+ 19. Nxf3 Bg4 20. Nd4 Bxe2 21. Rxe2 1/2-1/2

[Event "Warsaw Najdorf Memorial op-A"]
[Site "Warsaw"]
[Date "2023.07.13"]
[Round "3"]
[White "Karwowski, Kacper"]
[Black "Sriram, Jha"]
[Result "1/2-1/2"]
[WhiteElo "2146"]
[BlackElo "2315"]
[PlyCount "42"]
[EventDate "2023.07.11"]
[EventType "swiss"]
[EventRounds "9"]
[EventCountry "POL"]
[SourceTitle "EXT 2024"]
[Source "ChessBase"]
[SourceDate "2023.10.10"]
[SourceVersion "1"]
[SourceVersionDate "2023.10.10"]
[SourceQuality "1"]

1. e4 c5 2. Nf3 d6 3. d4 cxd4 4. Nxd4 Nf6 5. Nc3 g6 6. Be3 Bg7 7. f3 0-0 8. Bc4 Nc6 9. Bb3 Bd7 10. h4 h5 11. Qd2 Rc8 12. 0-0-0 Ne5 13. Bg5 Rc5 14. Kb1 b5 15. g4 a5 16. gxh5 a4 17. h6 Bh8 18. Bd5 Kh7 19. Bxf6 Bxf6 20. f4 b4 21. Nce2 Ng4 1/2-1/2

[Event "Warsaw Najdorf Memorial op-A"]
[Site "Warsaw"]
[Date "2023.07.12"]
[Round "2"]
[White "Sriram, Jha"]
[Black "Janeczko, Jakub"]
[Result "1/2-1/2"]
[WhiteElo "2315"]
[BlackElo "2085"]
[PlyCount "60"]
[EventDate "2023.07.11"]
[EventType "swiss"]
[EventRounds "9"]
[EventCountry "POL"]
[SourceTitle "EXT 2024"]
[Source "ChessBase"]
[SourceDate "2023.10.10"]
[SourceVersion "1"]
[SourceVersionDate "2023.10.10"]
[SourceQuality "1"]

1. d4 Nf6 2. c4 c5 3. d5 b5 4. Nf3 b4 5. a3 g6 6. axb4 cxb4 7. e4 Nxe4 8. Qd4 Nf6 9. Rxa7 Rxa7 10. Qxa7 Na6 11. Be3 d6 12. Be2 Bg7 13. 0-0 Qd7 14. Nbd2 Qxa7 15. Bxa7 0-0 16. Ra1 Nd7 17. Bd4 Ndc5 18. Bxg7 Kxg7 19. Nd4 Bb7 20. N2b3 Ra8 21. f4 Kf6 22. Kf2 Nxb3 23. Nxb3 Nc5 24. Rxa8 Bxa8 25. Nxc5 dxc5 26. g4 Bb7 27. g5+ Kg7 28. Bg4 Ba6 29. b3 f5 30. Bf3 Kf8 1/2-1/2

[Event "Warsaw Maciei Memorial"]
[Site "Warsaw"]
[Date "2023.07.10"]
[Round "6"]
[White "Sriram, Jha"]
[Black "Kaminski, Maciej1111"]
[Result "1/2-1/2"]
[WhiteElo "2315"]
[BlackElo "1917"]
[PlyCount "40"]
[EventDate "2023.07.10"]
[EventType "swiss (blitz)"]
[EventRounds "11"]
[EventCountry "POL"]
[SourceTitle "CBM 215 Extra"]
[Source "ChessBase"]
[SourceDate "2023.09.30"]
[SourceVersion "1"]
[SourceVersionDate "2023.09.30"]
[SourceQuality "1"]

1. d4 d5 2. Nf3 Nf6 3. c4 c6 4. Nc3 dxc4 5. a4 Bf5 6. e3 e6 7. Bxc4 Bb4 8. 0-0 Bg6 9. Qb3 a5 10. Na2 Nd5 11. Nxb4 Nxb4 12. Bd2 Bc2 13. Qc3 Be4 14. Ne5 Nd7 15. f3 Bd5 16. Nxd7 Qxd7 17. e4 Bxc4 18. Qxc4 e5 19. Bxb4 axb4 20. dxe5 Qe7 1/2-1/2

[Event "Nairobi op"]
[Site "Nairobi"]
[Date "2023.04.09"]
[Round "8"]
[White "Sriram, Jha"]
[Black "Gareyev, Timur"]
[Result "0-1"]
[WhiteElo "2310"]
[BlackElo "2602"]
[PlyCount "66"]
[EventDate "2023.04.06"]
[EventType "swiss"]
[EventRounds "9"]
[EventCountry "KEN"]
[SourceTitle "EXT 2024"]
[Source "ChessBase"]
[SourceDate "2023.10.10"]
[SourceVersion "1"]
[SourceVersionDate "2023.10.10"]
[SourceQuality "1"]

1. d4 Nf6 2. c4 e6 3. Nc3 Bb4 4. Qc2 c5 5. dxc5 0-0 6. Nf3 Na6 7. a3 Bxc3+ 8. Qxc3 Nxc5 9. e3 b6 10. b4 Nce4 11. Qd4 d6 12. Be2 e5 13. Qb2 Be6 14. Qc2 Rc8 15. Bd3 Bxc4 16. Bxc4 Qc7 17. Bxf7+ Qxf7 18. Qb2 Ng4 19. 0-0 Qg6 20. Qe2 Nc3 21. Qa6 Rc7 22. h3 Rxf3 23. hxg4 Qxg4 24. Bb2 Ne4 25. Rac1 Rxc1 26. Bxc1 Ng5 27. e4 Nh3+ 28. Kh2 Nxf2 29. Qc4+ Rf7 30. Kg1 Qh4 31. Qc8+ Rf8 32. Qxf8+ Kxf8 33. Rxf2+ Ke7 0-1

[Event "Nairobi op"]
[Site "Nairobi"]
[Date "2023.04.08"]
[Round "6"]
[White "Gilruth, Peter"]
[Black "Sriram, Jha"]
[Result "0-1"]
[WhiteElo "1984"]
[BlackElo "2310"]
[PlyCount "58"]
[EventDate "2023.04.06"]
[EventType "swiss"]
[EventRounds "9"]
[EventCountry "KEN"]
[SourceTitle "EXT 2024"]
[Source "ChessBase"]
[SourceDate "2023.10.10"]
[SourceVersion "1"]
[SourceVersionDate "2023.10.10"]
[SourceQuality "1"]

1. Nf3 g6 2. g3 Bg7 3. d4 Nf6 4. Bg2 0-0 5. 0-0 d5 6. c4 dxc4 7. Nc3 Nc6 8. e4 Bg4 9. Be3 Nd7 10. h3 Bxf3 11. Bxf3 e5 12. d5 Nd4 13. Be2 b5 14. a4 b4 15. Bxc4 Nb6 16. Bd3 bxc3 17. bxc3 c5 18. Bb1 Qd7 19. Kg2 f5 20. cxd4 exd4 21. Bf4 fxe4 22. Bxe4 Nxd5 23. Qb3 Rad8 24. Bg5 Qe6 25. Qc2 Nb4 26. Qb1 Rde8 27. Re1 d3 28. Bxd3 Qd5+ 29. Be4 Qxg5 0-1

[Event "IND-ch 59th"]
[Site "New Delhi"]
[Date "2023.01.03"]
[Round "13"]
[White "Sriram, Jha"]
[Black "Dhananjay, S."]
[Result "1/2-1/2"]
[WhiteElo "2337"]
[BlackElo "2199"]
[PlyCount "88"]
[EventDate "2022.12.22"]
[EventType "swiss"]
[EventRounds "13"]
[EventCountry "IND"]
[SourceTitle "CBM 211 Extra"]
[Source "ChessBase"]
[SourceDate "2023.01.31"]
[SourceVersion "1"]
[SourceVersionDate "2023.01.31"]
[SourceQuality "1"]

1. d4 d5 2. Nf3 Nf6 3. c4 c6 4. Nc3 e6 5. Bg5 Nbd7 6. e3 h6 7. Bh4 Qa5 8. cxd5 Nxd5 9. Qd2 Bb4 10. Rc1 Nxc3 11. bxc3 Ba3 12. Rb1 b6 13. Bd3 Ba6 14. 0-0 Bxd3 15. Qxd3 0-0 16. c4 Bd6 17. e4 Rfe8 18. e5 Be7 19. Bxe7 Rxe7 20. Rb3 Qa6 21. Ra3 Qb7 22. Qe4 Rb8 23. Qh4 Ree8 24. Nd2 c5 25. Rg3 Kh8 26. Ne4 Qc6 27. Nd6 Rf8 28. Qh5 cxd4 29. Nxf7+ Rxf7 30. Qxf7 Rg8 31. f4 Nc5 32. f5 exf5 33. Rg6 Qe4 34. e6 Qe3+ 35. Kh1 Qe2 36. Qxf5 d3 37. Kg1 d2 38. Qf3 Qxc4 39. Rxh6+ gxh6 40. Qf6+ Kh7 41. Qf5+ Rg6 42. Qf7+ Rg7 43. Qf5+ Rg6 44. Qf7+ Rg7 1/2-1/2

[Event "IND-ch 59th"]
[Site "New Delhi"]
[Date "2022.12.31"]
[Round "10"]
[White "Anadkat, Kartavya"]
[Black "Sriram, Jha"]
[Result "0-1"]
[WhiteElo "2147"]
[BlackElo "2337"]
[PlyCount "68"]
[EventDate "2022.12.22"]
[EventType "swiss"]
[EventRounds "13"]
[EventCountry "IND"]
[SourceTitle "CBM 211 Extra"]
[Source "ChessBase"]
[SourceDate "2023.01.31"]
[SourceVersion "1"]
[SourceVersionDate "2023.01.31"]
[SourceQuality "1"]

1. e4 d6 2. d4 Nf6 3. Nc3 e5 4. Nge2 Be7 5. h3 0-0 6. g4 c6 7. Bg2 Re8 8. Be3 b5 9. a3 Bb7 10. 0-0 Bf8 11. d5 a6 12. Qd2 cxd5 13. exd5 Nfd7 14. b3 Nb6 15. f4 N8d7 16. f5 Rc8 17. Ng3 Rxc3 18. Qxc3 Nxd5 19. Qd2 Nxe3 20. Qxe3 d5 21. Kh1 Qc7 22. f6 Nxf6 23. g5 d4 24. Qf2 Nd5 25. Be4 Ne3 26. Rg1 Rc8 27. c3 Qd7 28. Kh2 Rxc3 29. Ra2 Bc8 30. Bg2 Nxg2 31. Qxg2 e4 32. Rf2 Bd6 33. Qf1 e3 34. Re2 Rxb3 0-1

[Event "IND-ch 59th"]
[Site "New Delhi"]
[Date "2022.12.29"]
[Round "8"]
[White "Aarav, Sinha"]
[Black "Sriram, Jha"]
[Result "0-1"]
[WhiteElo "1854"]
[BlackElo "2337"]
[PlyCount "70"]
[EventDate "2022.12.22"]
[EventType "swiss"]
[EventRounds "13"]
[EventCountry "IND"]
[SourceTitle "CBM 211 Extra"]
[Source "ChessBase"]
[SourceDate "2023.01.31"]
[SourceVersion "1"]
[SourceVersionDate "2023.01.31"]
[SourceQuality "1"]

1. e4 e5 2. Nf3 Nc6 3. Bc4 Bc5 4. c3 Nf6 5. d3 d6 6. 0-0 a6 7. Bb3 Ba7 8. Nbd2 0-0 9. h3 h6 10. Re1 Ne7 11. Nf1 Ng6 12. Ng3 Re8 13. d4 c6 14. Qc2 Qc7 15. Be3 c5 16. dxc5 dxc5 17. Bc4 b5 18. Bf1 c4 19. a4 Bxe3 20. Rxe3 Be6 21. Ree1 Nd7 22. Nf5 Nc5 23. axb5 axb5 24. g3 Rxa1 25. Rxa1 Qc6 26. Nd2 Ra8 27. Rxa8+ Qxa8 28. Bg2 Nf8 29. Ne7+ Kh8 30. Nd5 Nfd7 31. b3 cxb3 32. Qd1 b2 33. Kh2 Qa4 34. Qb1 Qa1 35. f4 Nb3 0-1

[Event "IND-ch 59th"]
[Site "New Delhi"]
[Date "2022.12.27"]
[Round "6"]
[White "Mahindrakar, Indrajeet"]
[Black "Sriram, Jha"]
[Result "1-0"]
[WhiteElo "1957"]
[BlackElo "2337"]
[PlyCount "77"]
[EventDate "2022.12.22"]
[EventType "swiss"]
[EventRounds "13"]
[EventCountry "IND"]
[SourceTitle "CBM 211 Extra"]
[Source "ChessBase"]
[SourceDate "2023.01.31"]
[SourceVersion "1"]
[SourceVersionDate "2023.01.31"]
[SourceQuality "1"]

1. e4 e5 2. Nc3 Nf6 3. Bc4 Nc6 4. d3 Na5 5. Nge2 Be7 6. 0-0 d6 7. a3 Nxc4 8. dxc4 0-0 9. Ng3 c6 10. Qd3 Be6 11. Bg5 Qc7 12. b3 Rad8 13. Qf3 Rfe8 14. h3 h6 15. Bxf6 Bxf6 16. a4 Bg5 17. Rfd1 g6 18. Rd3 Rf8 19. Re1 f5 20. Qe2 f4 21. Nf1 Qf7 22. Nh2 Be7 23. Red1 g5 24. R1d2 h5 25. Qd1 Rde8 26. a5 a6 27. Rxd6 Bxd6 28. Rxd6 Re7 29. Na4 Qg6 30. Nc5 Rf6 31. Rd8+ Kg7 32. Qd6 Qf7 33. Qxe5 Bxh3 34. Qd4 Be6 35. Nf3 Kh6 36. Rh8+ Kg7 37. Ne5 Kxh8 38. Nxf7+ Rexf7 39. Nxe6 1-0

[Event "IND-ch 59th"]
[Site "New Delhi"]
[Date "2022.12.26"]
[Round "5"]
[White "Sriram, Jha"]
[Black "Mendonca, Leon Luke"]
[Result "0-1"]
[WhiteElo "2337"]
[BlackElo "2566"]
[PlyCount "110"]
[EventDate "2022.12.22"]
[EventType "swiss"]
[EventRounds "13"]
[EventCountry "IND"]
[SourceTitle "CBM 211 Extra"]
[Source "ChessBase"]
[SourceDate "2023.01.31"]
[SourceVersion "1"]
[SourceVersionDate "2023.01.31"]
[SourceQuality "1"]

1. d4 Nf6 2. c4 e6 3. Nf3 b6 4. g3 Bb7 5. Bg2 Be7 6. 0-0 0-0 7. Nc3 Ne4 8. Nxe4 Bxe4 9. Nh4 Bxg2 10. Nxg2 c5 11. d5 Bf6 12. e4 d6 13. Nf4 Qd7 14. Nd3 Re8 15. Qf3 exd5 16. cxd5 Na6 17. Rb1 Qa4 18. Re1 Qc2 19. Ra1 c4 20. Nf4 Nc5 21. Re2 Qd1+ 22. Kg2 Be5 23. Nh5 g6 24. Bh6 Qxa1 25. Nf6+ Kh8 26. Nxe8 Rxe8 27. Qxf7 Rg8 28. f4 Qd1 29. Rf2 Bd4 30. e5 Ne4 31. Bg5 h6 32. Bf6+ Nxf6 33. Qxf6+ Kh7 34. f5 Qd3 35. Qe7+ Rg7 36. f6 Qe4+ 37. Kf1 Qh1+ 38. Ke2 Qe4+ 39. Kf1 Rxe7 40. fxe7 Qh1+ 41. Ke2 Qe4+ 42. Kf1 Bxf2 43. e8Q Qxe5 44. Qf7+ Qg7 45. Qxf2 Kg8 46. Qd2 h5 47. Kg1 Qe5 48. a4 Qe4 49. Kf2 Kf7 50. h4 Qd3 51. Qg5 Qd4+ 52. Ke1 c3 53. bxc3 Qxc3+ 54. Kd1 Qd4+ 55. Kc1 Qxa4 0-1

[Event "IND-ch 59th"]
[Site "New Delhi"]
[Date "2022.12.24"]
[Round "3"]
[White "Sriram, Jha"]
[Black "Dubey, Sanchay"]
[Result "1-0"]
[WhiteElo "2337"]
[BlackElo "1909"]
[PlyCount "117"]
[EventDate "2022.12.22"]
[EventType "swiss"]
[EventRounds "13"]
[EventCountry "IND"]
[SourceTitle "CBM 211 Extra"]
[Source "ChessBase"]
[SourceDate "2023.01.31"]
[SourceVersion "1"]
[SourceVersionDate "2023.01.31"]
[SourceQuality "1"]

1. d4 Nf6 2. c4 e6 3. Nf3 d5 4. Nc3 c6 5. Bg5 dxc4 6. a4 Bb4 7. e4 h6 8. Bxf6 Qxf6 9. Bxc4 c5 10. 0-0 cxd4 11. Nb5 Na6 12. e5 Qe7 13. Qxd4 0-0 14. Rfd1 b6 15. Nd6 Nc5 16. Bxe6 Bxe6 17. Qxb4 f6 18. Qh4 Bb3 19. Rd4 Qe6 20. exf6 Qxf6 21. Qxf6 Rxf6 22. a5 Rd8 23. axb6 axb6 24. Ne4 Rff8 25. Nxc5 bxc5 26. Rxd8 Rxd8 27. h4 Be6 28. Ra6 Bd5 29. Ne5 Bb3 30. Rb6 c4 31. h5 Kf8 32. g4 Rd2 33. Kg2 Re2 34. Rb5 Ke7 35. Kg3 Ke6 36. f4 Re3+ 37. Kf2 Rh3 38. Rb7 Rh2+ 39. Ke3 Kd5 40. Rd7+ Kc5 41. Rxg7 Rh3+ 42. Kf2 Rh2+ 43. Kg3 Rxb2 44. g5 hxg5 45. fxg5 c3 46. h6 Bd5 47. h7 Rg2+ 48. Kh3 Rg1 49. Nd3+ Kb5 50. Nf2 c2 51. h8Q c1Q 52. Qb8+ Kc5 53. Nd3+ Kd4 54. Nxc1 Rh1+ 55. Kg3 Rg1+ 56. Kf2 Rg2+ 57. Kf1 Rc2 58. Ne2+ Ke3 59. Qf4+ 1-0